Toutes les communes du canton de Vallet (44) - Statistiques

Statistiques générales
  • Ce quiz a été pris 31 fois
  • Le résultat moyen est 9 sur 11
Réponses sur la Carte
Les réponses sont colorées sur une échelle allant du rouge au vert en fonction du pourcentage des utilisateurs qui les ont devinées à leur premier essai. Vous pouvez retrouver ces pourcentages ci-dessous.
 
Statistiques - réponses
Commune % Correct
Le Pallet
92%
Vallet
92%
La Boissière-du-Doré
85%
La Chapelle-Heulin
85%
La Regrippière
77%
Le Landreau
77%
Mouzillon
77%
Divatte-sur-Loire
69%
Le Loroux-Bottereau
69%
Saint-Julien-de-Concelles
69%
La Remaudière
62%
Aucun quiz correspondant
Distribution des résultats
% des personnes avec chaque résultat
Percentile par nombre de réponses
Votre historique - résultats
Vous n’avez pas pris ce quiz